000 00588nam a22002177a 4500
005 20250317125556.0
010 _aENG-144087
020 _c260.00
035 _aEN-127619
037 _bDBAD
082 _a921
100 _aUdhoji, Sharvari
_979668
245 _aDr. A.P.J. Abdul Kalam/
_cSharvari Udhoji
250 _a1
260 _aNagpur
_bLakhe Prakashan
_c2023
270 _aMukundraj Path, Mahal
_bNagpur
_e440032
_k9423616891
300 _a128p.
_c22cm(pb)
700 _aLimaye, Smita
_eTranslator
_979657
760 _b1
942 _2ddc
_cEN
_h921
_mUDH
_e1
999 _c210316
_d210316